[Event "BL 8788 Kreuzberg-Koblenz"]
[Site "?"]
[Date "1987.??.??"]
[Round "?.3"]
[White "Brueckner, T."]
[Black "Conquest, S."]
[Result "0-1"]
[WhiteElo "2400"]
[BlackElo "2395"]
[PlyCount "150"]
[EventDate "1987.??.??"]

1. c4 e5 2. g3 g6 3. Bg2 Bg7 4. Nc3 Ne7 5. e3 O-O 6. Nge2 d6 7. O-O f5 8. d4
Nd7 9. b3 Kh8 10. dxe5 dxe5 11. Ba3 Rf7 12. Qd2 c6 13. Rad1 Qe8 14. f4 e4 15.
Na4 b6 16. Qd6 Nf6 17. Nd4 Neg8 18. Nc2 Be6 19. Qd2 Rd7 20. Qe2 Rad8 21. Bb2 h6
22. Nc3 Ne7 23. Rxd7 Rxd7 24. Rd1 Kh7 25. Rxd7 Nxd7 26. Na4 Bxb2 27. Nxb2 Qh8
28. Nd4 Bf7 29. Qd2 Nc5 30. Bf1 Qf6 31. Nd1 Nb7 32. Nc2 Be8 33. Be2 c5 34. Nc3
a6 35. Kf2 Bc6 36. Ne1 Nd6 37. Nd1 Qe6 38. Qc2 Nb7 39. Qd2 Be8 40. Nc3 Qc6 41.
Ng2 Nd6 42. Ke1 Bf7 43. Kf2 b5 44. cxb5 axb5 45. a4 b4 46. Nb5 Nb7 47. Bc4 Bxc4
48. bxc4 Qe6 49. Ne1 Na5 50. Qd8 Nxc4 51. a5 Ng8 52. a6 Qxa6 53. Qc7+ Kh8 54.
Qxc5 Qa2+ 55. Kg1 Qd2 56. Qxc4 Qxe1+ 57. Kg2 Qxe3 58. Qxb4 Qb6 59. Qc3+ Kh7 60.
Qe5 Qf6 61. Qd5 Qe7 62. Nd6 Nf6 63. Qc6 Kg7 64. Nc8 Qd7 65. Qc3 g5 66. Nb6 Qe6
67. Nc4 gxf4 68. gxf4 Kh7 69. Qb4 Nh5 70. Qb7+ Ng7 71. Ne5 Qa2+ 72. Kh3 Qe2 73.
Qa7 e3 74. Qf7 Qf1+ 75. Kg3 Qg1+ 0-1

[Event "BL 8788 Kreuzberg-Koblenz"]
[Site "?"]
[Date "1987.??.??"]
[Round "?.4"]
[White "Grzesik, F."]
[Black "Bayer, E."]
[Result "0-1"]
[WhiteElo "2255"]
[BlackElo "2360"]
[PlyCount "102"]
[EventDate "1987.??.??"]

1. e4 c5 2. c3 d5 3. exd5 Qxd5 4. d4 e6 5. Nf3 Nf6 6. Bd3 Be7 7. dxc5 Qxc5 8.
Qe2 O-O 9. O-O a6 10. Nbd2 Nbd7 11. Rd1 Qc7 12. Nc4 b5 13. Nce5 Nxe5 14. Qxe5
Qxe5 15. Nxe5 Bb7 16. Bg5 Rfd8 17. Be2 h6 18. Bh4 Bd5 19. Bf3 g5 20. Bxd5 Nxd5
21. Bg3 Bf6 22. Ng4 Bg7 23. Be5 f6 24. Bd4 e5 25. Bc5 Rac8 26. Ba3 Kf7 27. Ne3
Nxe3 28. fxe3 f5 29. Bb4 Ke6 30. Kf2 e4 31. Ba5 Rxd1 32. Rxd1 Be5 33. h3 Bd6
34. Bb6 b4 35. Bd4 bxc3 36. Bxc3 Be5 37. Bxe5 Rc2+ 38. Ke1 Kxe5 39. Rd2 Rc1+
40. Ke2 f4 41. b3 Rc3 42. exf4+ gxf4 43. Rb2 f3+ 44. Kf2 Kf4 45. gxf3 Rxf3+ 46.
Kg2 Rg3+ 47. Kh2 Rd3 48. Rg2 e3 49. Rg4+ Kf3 50. Rg3+ Kf2 51. Rg2+ Ke1 0-1

[Event "BL 8788 Kreuzberg-Koblenz"]
[Site "?"]
[Date "1987.??.??"]
[Round "?.5"]
[White "Seul, G."]
[Black "Dietze, F."]
[Result "1-0"]
[WhiteElo "2275"]
[BlackElo "2240"]
[PlyCount "77"]
[EventDate "1987.??.??"]

1. e4 c5 2. Nc3 Nc6 3. Nf3 g6 4. Bb5 Nd4 5. Bc4 Bg7 6. O-O d6 7. d3 e6 8. Nxd4
cxd4 9. Ne2 Ne7 10. Bf4 a6 11. Qd2 h6 12. c3 dxc3 13. Nxc3 b5 14. Bb3 Bb7 15.
Be3 Rc8 16. Rac1 Nc6 17. Ne2 Qh4 18. Bf4 Qd8 19. a3 h5 20. Bg5 Bf6 21. Be3 O-O
22. f4 Qa5 23. Nc3 Bd4 24. Bxd4 Nxd4 25. Ba2 Qd8 26. Rce1 Kg7 27. Kh1 a5 28.
Ne2 Rc2 29. Qd1 Rxe2 30. Rxe2 Nxe2 31. Qxe2 Qb6 32. f5 exf5 33. exf5 Qd8 34.
f6+ Kg8 35. Qe3 Kh7 36. Qe7 Qa8 37. Bxf7 Bxg2+ 38. Kg1 Kh6 39. Bxg6 1-0

[Event "BL 8788 Kreuzberg-Koblenz"]
[Site "?"]
[Date "1987.??.??"]
[Round "?.6"]
[White "Sprotte, N."]
[Black "Schlick, V."]
[Result "0-1"]
[WhiteElo "2265"]
[BlackElo "2290"]
[PlyCount "70"]
[EventDate "1987.??.??"]

1. Nf3 c5 2. c3 g6 3. d4 Nf6 4. Bf4 Bg7 5. e3 O-O 6. Be2 d6 7. h3 Qb6 8. Qc1
Nd5 9. Bh2 Bh6 10. O-O cxd4 11. cxd4 Nc6 12. Nc3 Be6 13. Qd2 Rac8 14. Rfc1 Na5
15. Nxd5 Bxd5 16. b3 Nc6 17. Bg3 Bxf3 18. Bxf3 Nxd4 19. Bg4 Rxc1+ 20. Rxc1 Nc6
21. Rc4 Rd8 22. Qc3 d5 23. Ra4 Bg7 24. Qc1 Bf6 25. Bf3 e5 26. Bh4 Bxh4 27. Rxh4
e4 28. Be2 Qa5 29. a3 Rc8 30. b4 Qd8 31. g3 Nd4 32. Qb2 Rc1+ 33. Kg2 Nxe2 34.
Qxe2 Qf6 35. Rf4 Qa1 0-1

[Event "BL 8788 Kreuzberg-Koblenz"]
[Site "?"]
[Date "1987.??.??"]
[Round "?.7"]
[White "Weidemann, J."]
[Black "Grzesik, T."]
[Result "1-0"]
[WhiteElo "2290"]
[BlackElo "2300"]
[PlyCount "92"]
[EventDate "1987.??.??"]

1. e4 e5 2. Nc3 Nc6 3. g3 Nf6 4. Bg2 Bc5 5. Nge2 a6 6. O-O d6 7. h3 Be6 8. Nd5
Bxd5 9. exd5 Ne7 10. d4 exd4 11. Nxd4 h6 12. c4 O-O 13. b3 Qd7 14. Bb2 Rfe8 15.
Qc2 Kf8 16. Rad1 Rad8 17. Rfe1 Neg8 18. a3 Rxe1+ 19. Rxe1 Re8 20. Rd1 g6 21. b4
Bxd4 22. Bxd4 Qf5 23. Qxf5 gxf5 24. Bf1 Nh5 25. Bd3 f4 26. g4 Nhf6 27. Kg2 Nd7
28. Kf3 Ne5+ 29. Kxf4 Nxd3+ 30. Rxd3 Re1 31. Bc3 Rc1 32. Kg3 Ne7 33. Bd2 Rxc4
34. Bxh6+ Kg8 35. Be3 Re4 36. f4 Nxd5 37. Bd2 c6 38. f5 Re2 39. h4 Kh7 40. Kf3
Rh2 41. Be1 Rh1 42. Bg3 Rf1+ 43. Kg2 Nf4+ 44. Bxf4 Rxf4 45. Kg3 Rc4 46. Rxd6
Rc3+ 1-0

[Event "BL 8788 Zähringen-Solingen"]
[Site "?"]
[Date "1987.??.??"]
[Round "?.1"]
[White "Short, N."]
[Black "Raupp, T."]
[Result "1-0"]
[WhiteElo "2620"]
[BlackElo "2300"]
[PlyCount "81"]
[EventDate "1987.??.??"]

1. e4 c5 2. Nf3 e6 3. d4 cxd4 4. Nxd4 a6 5. Bd3 Bc5 6. Nb3 Ba7 7. Qe2 Nc6 8.
Be3 e5 9. Nc3 d6 10. O-O Nge7 11. Bxa7 Rxa7 12. a4 Be6 13. Bc4 O-O 14. Rfd1 Qc7
15. Bd5 Nb4 16. Bxe6 fxe6 17. a5 Raa8 18. Rd2 Rad8 19. Nd1 Ng6 20. g3 d5 21. c3
Nc6 22. Ne3 d4 23. Nc4 dxc3 24. bxc3 Rxd2 25. Nbxd2 Na7 26. Qe3 Nb5 27. Rc1 Rd8
28. Kg2 Ne7 29. Qb6 Qxb6 30. axb6 Rd3 31. Nf3 Rxc3 32. Rd1 Nc6 33. Ncxe5 Nbd4
34. Nxd4 Nxe5 35. Nxe6 Rc6 36. Ng5 Rc8 37. f4 Nc4 38. Rd7 Nxb6 39. Rxb7 Nc4 40.
Ra7 a5 41. e5 1-0

[Event "BL 8788 Zähringen-Solingen"]
[Site "?"]
[Date "1987.??.??"]
[Round "?.4"]
[White "Weindl, A."]
[Black "Lau, R."]
[Result "0-1"]
[WhiteElo "2295"]
[BlackElo "2555"]
[PlyCount "82"]
[EventDate "1987.??.??"]

1. Nf3 Nf6 2. g3 g6 3. b3 Bg7 4. Bb2 d6 5. d4 c5 6. Bg2 Qa5+ 7. Bc3 Qc7 8. dxc5
Qxc5 9. O-O O-O 10. Bb2 Nc6 11. Nbd2 Qh5 12. Re1 Bh3 13. Bh1 Rfe8 14. Nc4 d5
15. Ne3 Rad8 16. Nd4 e5 17. Bf3 Qg5 18. Nxc6 bxc6 19. Bg2 Bxg2 20. Nxg2 Qh5 21.
e3 Qh3 22. f3 e4 23. Bxf6 Bxf6 24. Rb1 Bc3 25. Rf1 Qe6 26. Qe2 Qd6 27. Rbd1 f5
28. fxe4 Rxe4 29. Qa6 Qc5 30. Rd3 Rde8 31. Kh1 Bf6 32. Rfd1 Qxc2 33. Qxa7 Bg5
34. R3d2 Qc3 35. Rd3 Qe5 36. Qa6 Re6 37. b4 Rxb4 38. Qc8+ Kg7 39. Ra3 Kh6 40.
Ra6 Qe4 41. Rg1 Bxe3 0-1

[Event "BL 8788 Zähringen-Solingen"]
[Site "?"]
[Date "1987.??.??"]
[Round "?.5"]
[White "Lobron, E."]
[Black "Vatter, H."]
[Result "0-1"]
[WhiteElo "2530"]
[BlackElo "2270"]
[PlyCount "80"]
[EventDate "1987.??.??"]

1. e4 c6 2. d4 d5 3. Nc3 dxe4 4. Nxe4 Nd7 5. Ng5 Ngf6 6. Bd3 e6 7. N1f3 Bd6 8.
Qe2 h6 9. Ne4 Nxe4 10. Qxe4 c5 11. Qg4 g5 12. dxc5 Nxc5 13. O-O Nxd3 14. cxd3
Bd7 15. Qh5 Qf6 16. Bd2 Rg8 17. Rfe1 Bc6 18. Nd4 Qxd4 19. Rxe6+ Kd8 20. Rxh6
Qd5 21. f3 Kc7 22. Rh7 Raf8 23. Bc3 Kb8 24. h3 f5 25. Re1 g4 26. hxg4 fxg4 27.
Qxd5 Bxd5 28. fxg4 Rxg4 29. Re2 Rfg8 30. Rd7 Bc5+ 31. Kf1 Bxg2+ 32. Ke1 Bc6 33.
Rh7 Bb4 34. Kd2 Rd8 35. Rh3 Bb5 36. Kc2 Ba4+ 37. Kd2 Bd7 38. Rf3 Bxc3+ 39. Kxc3
Ra4 40. Kb3 Ra6 0-1

[Event "BL 8788 Zähringen-Solingen"]
[Site "?"]
[Date "1987.??.??"]
[Round "?.6"]
[White "Herbrechtsmeier, C."]
[Black "Ostermeyer, P."]
[Result "0-1"]
[WhiteElo "2305"]
[BlackElo "2450"]
[PlyCount "100"]
[EventDate "1987.??.??"]

1. d4 Nf6 2. Nc3 d5 3. Bg5 Nbd7 4. Nf3 h6 5. Bh4 e6 6. e3 c5 7. Be2 Be7 8. O-O
O-O 9. dxc5 Nxc5 10. Qd4 b6 11. Ne5 Bb7 12. a4 Rc8 13. Rfd1 a6 14. Ng4 Nxg4 15.
Bxe7 Qxe7 16. Qxg4 Rfd8 17. Qb4 Qc7 18. Bf3 Nd7 19. Be2 Nf6 20. Rd2 Qc5 21. Qd4
Rd7 22. Rad1 Rdc7 23. Bd3 Nd7 24. Qxc5 bxc5 25. Be2 Kf8 26. b3 Ke7 27. f3 f5
28. Kf2 Nf6 29. a5 g5 30. g3 g4 31. Na4 Rf8 32. Nb6 gxf3 33. Bxf3 h5 34. c4
dxc4 35. bxc4 Ng4+ 36. Bxg4 fxg4+ 37. Ke1 Bc6 38. Rf2 Rf3 39. Rxf3 gxf3 40. Kf2
Rb7 41. Re1 Be4 42. Rd1 e5 43. Rd2 Rb8 44. Nd5+ Ke6 45. Nc3 Kf5 46. h3 Bc6 47.
e4+ Bxe4 48. Ke3 Rb3 49. g4+ hxg4 50. hxg4+ Kxg4 0-1

[Event "BL 8788 Sindelfingen-Solingen"]
[Site "?"]
[Date "1987.??.??"]
[Round "?.1"]
[White "Franke, H."]
[Black "Short, N."]
[Result "0-1"]
[WhiteElo "2350"]
[BlackElo "2620"]
[PlyCount "88"]
[EventDate "1987.??.??"]

1. d4 e6 2. Nf3 Nf6 3. Bg5 h6 4. Bh4 b6 5. e3 Bb7 6. Bd3 Be7 7. Nbd2 c5 8. c3
Nc6 9. a3 O-O 10. O-O d5 11. b4 Ne4 12. Bxe7 Nxe7 13. Qc2 cxd4 14. cxd4 Rc8 15.
Qb2 f6 16. Rfc1 Qd7 17. Bf1 Nd6 18. b5 Nf7 19. Rxc8 Nxc8 20. Rc1 Ncd6 21. a4
Re8 22. Rc3 e5 23. Qc2 Re7 24. Qc1 g5 25. Nb3 Kg7 26. Ne1 Nf5 27. Nc2 N7d6 28.
Bd3 Nh4 29. Qd1 Nc4 30. Qh5 Nb2 31. Nb4 Qd6 32. dxe5 fxe5 33. Nc6 Rf7 34. Qe2
Nxa4 35. Rc1 Nc5 36. Qc2 Nxd3 37. Qxd3 a6 38. Qc3 Ng6 39. bxa6 Bxa6 40. Qb4 Qf6
41. f3 Bc4 42. Qxb6 g4 43. Nd2 gxf3 44. Nxc4 fxg2 0-1

[Event "BL 8788 Sindelfingen-Solingen"]
[Site "?"]
[Date "1987.??.??"]
[Round "?.4"]
[White "Lau, R."]
[Black "Runau, R."]
[Result "1/2-1/2"]
[WhiteElo "2555"]
[BlackElo "2335"]
[PlyCount "61"]
[EventDate "1987.??.??"]

1. e4 c5 2. Nf3 d6 3. d4 cxd4 4. Nxd4 Nf6 5. Nc3 Nc6 6. Bg5 e6 7. Qd2 Nxd4 8.
Qxd4 Bd7 9. O-O-O Qa5 10. Bd2 e5 11. Qd3 a6 12. a3 Bc6 13. Nd5 Qd8 14. Bg5 Bxd5
15. Bxf6 Qxf6 16. Qxd5 Rb8 17. Qb3 g6 18. Bxa6 Bh6+ 19. Kb1 O-O 20. Bc4 Qxf2
21. g3 Qc5 22. Rhf1 Qc7 23. Rd3 Kg7 24. Qb4 Rbd8 25. Rfd1 Bg5 26. Bd5 Rde8 27.
h4 Be7 28. Rf1 Qd7 29. Qb3 f6 30. Be6 Qd8 31. g4 1/2-1/2

[Event "BL 8788 Sindelfingen-Solingen"]
[Site "?"]
[Date "1987.??.??"]
[Round "?.5"]
[White "Mohr, S."]
[Black "Lobron, E."]
[Result "1-0"]
[WhiteElo "2325"]
[BlackElo "2530"]
[PlyCount "93"]
[EventDate "1987.??.??"]

1. d4 Nf6 2. c4 e6 3. Nc3 c5 4. d5 exd5 5. cxd5 d6 6. e4 g6 7. Bf4 a6 8. Nf3
Bg4 9. Qa4+ Nbd7 10. Nd2 b5 11. Qc2 Nb6 12. h3 Bd7 13. a4 bxa4 14. Nc4 Qb8 15.
Nxb6 Qxb6 16. Nxa4 Qb8 17. Bc4 Bg7 18. O-O Nh5 19. Bh2 Bd4 20. Nc3 a5 21. Ne2
Bg7 22. g4 Nf6 23. f4 Qb7 24. f5 O-O 25. Bxd6 Rfc8 26. Bh2 Re8 27. Nc3 gxf5 28.
gxf5 Qb4 29. Na2 Qb7 30. Rae1 Kh8 31. Rf2 a4 32. Qd3 Nxe4 33. Rxe4 Rxe4 34.
Qxe4 Re8 35. Qc2 Bd4 36. Kf1 Bxf2 37. Kxf2 Qb6 38. d6 f6 39. Qc3 Kg7 40. Nc1
Bxf5 41. Ne2 Qb4 42. Qxb4 cxb4 43. Bb5 a3 44. bxa3 bxa3 45. Nd4 Re5 46. Bxe5 a2
47. Nxf5+ 1-0

[Event "BL 8788 Sindelfingen-Solingen"]
[Site "?"]
[Date "1987.??.??"]
[Round "?.6"]
[White "Ostermeyer, P."]
[Black "Sieglen, J."]
[Result "1/2-1/2"]
[WhiteElo "2450"]
[BlackElo "2350"]
[PlyCount "67"]
[EventDate "1987.??.??"]

1. e4 e6 2. d3 d5 3. Nd2 c5 4. Ngf3 Nc6 5. g3 Nf6 6. Bg2 Be7 7. O-O b6 8. Re1
Bb7 9. c3 h6 10. a3 a5 11. a4 Ba6 12. exd5 exd5 13. Nb1 O-O 14. Na3 Qd7 15. Nb5
Rae8 16. Bf4 Bd8 17. Qd2 Rxe1+ 18. Rxe1 Re8 19. Rxe8+ Nxe8 20. d4 c4 21. Ne5
Nxe5 22. dxe5 Bxb5 23. axb5 Nc7 24. Be3 Qxb5 25. Qd4 Qxb2 26. Bxd5 Nxd5 27.
Qxd5 Qb1+ 28. Kg2 Bg5 29. e6 fxe6 30. Qxe6+ Kh7 31. Bxg5 hxg5 32. Qh3+ Kg8 33.
Qc8+ Kh7 34. Qh3+ 1/2-1/2

[Event "BL 8788 Sindelfingen-Solingen"]
[Site "?"]
[Date "1987.??.??"]
[Round "?.7"]
[White "Bauer, P."]
[Black "Schulte, O."]
[Result "0-1"]
[WhiteElo "2300"]
[BlackElo "2425"]
[PlyCount "62"]
[EventDate "1987.??.??"]

1. e4 c5 2. Nf3 e6 3. d4 cxd4 4. Nxd4 Nf6 5. Nc3 Nc6 6. Ndb5 d6 7. Bf4 e5 8.
Bg5 a6 9. Na3 b5 10. Bxf6 gxf6 11. Nd5 f5 12. c3 Bg7 13. exf5 Bxf5 14. Nc2 O-O
15. Nce3 Be6 16. Bd3 f5 17. Qh5 Qd7 18. Nb6 Qe8 19. Qxe8 Raxe8 20. a4 e4 21.
Bf1 Rb8 22. Ned5 f4 23. axb5 axb5 24. f3 e3 25. Ra6 b4 26. Bd3 bxc3 27. bxc3
Bxc3+ 28. Nxc3 Nb4 29. Bxh7+ Kxh7 30. Ra7+ Rf7 31. Rxf7+ Bxf7 0-1

[Event "BL 8788 Zähringen-Bochum"]
[Site "?"]
[Date "1987.??.??"]
[Round "?.1"]
[White "Raupp, T."]
[Black "Graf, J."]
[Result "1/2-1/2"]
[WhiteElo "2300"]
[BlackElo "2405"]
[PlyCount "104"]
[EventDate "1987.??.??"]

1. d4 Nf6 2. Nf3 g6 3. c4 Bg7 4. g3 O-O 5. Bg2 d6 6. O-O c6 7. Nc3 Qa5 8. h3
Be6 9. d5 cxd5 10. Nd4 dxc4 11. Nxe6 fxe6 12. Bxb7 Nbd7 13. Bxa8 Rxa8 14. Bd2
Rb8 15. b3 Nd5 16. Nxd5 Qxd5 17. bxc4 Qh5 18. Rb1 Rxb1 19. Qxb1 Qxe2 20. Qb5
Nf6 21. Be3 Qxa2 22. c5 dxc5 23. Qxc5 Nd5 24. Qxa7 Qxa7 25. Bxa7 h5 26. Re1 Kf7
27. Bb8 Bc3 28. Re2 g5 29. Be5 Bb4 30. Kg2 Nf6 31. Rc2 Bd6 32. Bd4 e5 33. Be3
Kg6 34. Rc8 e4 35. Bd4 Kf5 36. Ra8 Nd5 37. Ra5 e6 38. Ra7 Bb4 39. Rf7+ Kg6 40.
Rg7+ Kf5 41. Rh7 Kg6 42. Rh8 Bd2 43. Rg8+ Kf5 44. Rf8+ Kg6 45. Kf1 h4 46. Ke2
Bc1 47. Rh8 e3 48. Bxe3 Nxe3 49. fxe3 hxg3 50. Kf3 g2 51. Kxg2 Bxe3 52. Kf3 Bd4
1/2-1/2

[Event "BL 8788 Zähringen-Bochum"]
[Site "?"]
[Date "1987.??.??"]
[Round "?.2"]
[White "Sonntag, H."]
[Black "Kiefer, G."]
[Result "1-0"]
[WhiteElo "2405"]
[BlackElo "2220"]
[PlyCount "95"]
[EventDate "1987.??.??"]

1. e4 c5 2. Nf3 e6 3. d4 cxd4 4. Nxd4 Nf6 5. Nc3 d6 6. Be3 Be7 7. g4 Nc6 8. f3
a6 9. Qd2 Nxd4 10. Bxd4 O-O 11. O-O-O b5 12. Bd3 Qa5 13. Kb1 b4 14. Ne2 e5 15.
Be3 Be6 16. Nc1 Rfb8 17. h4 Ne8 18. g5 Nc7 19. Nb3 Qa4 20. f4 exf4 21. Bxf4 Rb5
22. Qe2 Ra5 23. Nxa5 Qxa2+ 24. Kc1 Qxa5 25. Kd2 b3+ 26. c3 Qc5 27. Qe3 Qc6 28.
h5 d5 29. g6 fxg6 30. hxg6 hxg6 31. Be5 Ne8 32. Rh2 Rd8 33. Bd4 Nf6 34. Bxf6
Bxf6 35. e5 d4 36. cxd4 Be7 37. Rg1 Bf5 38. Bxf5 gxf5 39. Qxb3+ Qd5 40. Qxd5+
Rxd5 41. Kc3 Bd8 42. Rg6 Kf7 43. Rhg2 f4 44. Rxg7+ Ke6 45. Kd3 f3 46. R2g6+ Kf5
47. Rxa6 Bh4 48. Rf7+ 1-0

[Event "BL 8788 Zähringen-Bochum"]
[Site "?"]
[Date "1987.??.??"]
[Round "?.3"]
[White "Schuh, H."]
[Black "Beckemeyer, W."]
[Result "1/2-1/2"]
[WhiteElo "2320"]
[BlackElo "2335"]
[PlyCount "104"]
[EventDate "1987.??.??"]

1. d4 Nf6 2. c4 g6 3. g3 Bg7 4. Bg2 O-O 5. Nc3 c6 6. Nf3 d5 7. cxd5 cxd5 8. Ne5
e6 9. O-O Nfd7 10. f4 Nc6 11. e4 dxe4 12. Nxe4 Qb6 13. Nxc6 bxc6 14. Be3 Qxb2
15. Qd3 Qb6 16. Rfb1 Qd8 17. Rc1 Nb6 18. Rab1 Qe7 19. Rxc6 Bb7 20. Rc5 Rad8 21.
Rbc1 Rd7 22. Nd2 Bxg2 23. Kxg2 Qd8 24. Nf3 Qa8 25. Bf2 Rfd8 26. Kg1 Bf8 27. Rc6
Rd6 28. Rxd6 Bxd6 29. Qb3 Nd5 30. Ne5 Kg7 31. Qb5 Rb8 32. Qc6 Qxc6 33. Rxc6 Bc7
34. Ra6 Bb6 35. Nd7 Rc8 36. Nxb6 axb6 37. Kg2 Rc3 38. Ra8 Kf6 39. a4 Kf5 40. a5
b5 41. Ra7 Ke4 42. Rxf7 Rc2 43. Rxh7 Ne3+ 44. Kh3 Rxf2 45. Re7 Kf3 46. Rxe6 Nf1
47. Kh4 Rxh2+ 48. Kg5 Nxg3 49. Kxg6 Ne2 50. Rb6 Nxd4 51. f5 Rg2+ 52. Kh7 Rh2+
1/2-1/2

[Event "BL 8788 Zähringen-Bochum"]
[Site "?"]
[Date "1987.??.??"]
[Round "?.5"]
[White "Weindl, A."]
[Black "Boesken, C."]
[Result "1/2-1/2"]
[WhiteElo "2295"]
[BlackElo "2250"]
[PlyCount "65"]
[EventDate "1987.??.??"]

1. Nf3 Nf6 2. g3 b6 3. Bg2 Bb7 4. O-O e6 5. d3 d5 6. Nbd2 Nbd7 7. e4 dxe4 8.
Ng5 Be7 9. Ndxe4 Nxe4 10. Nxe4 Rb8 11. f4 Nc5 12. Be3 Nxe4 13. dxe4 Qxd1 14.
Rfxd1 Rd8 15. Rxd8+ Kxd8 16. Bd4 f6 17. Re1 c5 18. Bc3 Kc7 19. Bf1 Rd8 20. Bc4
Bc8 21. g4 Kc6 22. e5 f5 23. gxf5 exf5 24. e6 g6 25. Bf1 Rd6 26. Be5 Rd8 27.
Bg2+ Kb5 28. b3 Ka6 29. a4 Bh4 30. Bf1+ Kb7 31. Bg2+ Ka6 32. Bf1+ Kb7 33. Bg2+
1/2-1/2

[Event "BL 8788 Zähringen-Bochum"]
[Site "?"]
[Date "1987.??.??"]
[Round "?.6"]
[White "Wiemer, R."]
[Black "Vatter, H."]
[Result "1/2-1/2"]
[WhiteElo "2290"]
[BlackElo "2270"]
[PlyCount "31"]
[EventDate "1987.??.??"]

1. c4 Nf6 2. Nc3 g6 3. e4 d6 4. g3 Bg7 5. Bg2 c5 6. Nge2 Nc6 7. d3 Nd7 8. O-O
Nf8 9. a3 Ne6 10. b4 Ned4 11. Rb1 O-O 12. b5 Nxe2+ 13. Nxe2 Nd4 14. Nxd4 Bxd4
15. Bb2 Bxb2 16. Rxb2 1/2-1/2

[Event "BL 8788 Bochum-Sindelfingen"]
[Site "?"]
[Date "1987.??.??"]
[Round "?.1"]
[White "Graf, J."]
[Black "Franke, H."]
[Result "1/2-1/2"]
[WhiteElo "2405"]
[BlackElo "2350"]
[PlyCount "61"]
[EventDate "1987.??.??"]

1. d4 d5 2. c4 c6 3. cxd5 cxd5 4. Nc3 Nf6 5. Nf3 Nc6 6. Bf4 Bf5 7. e3 e6 8. Bb5
Nd7 9. Qa4 Rc8 10. O-O a6 11. Bxc6 Rxc6 12. Rfc1 Be7 13. Nd1 b5 14. Qb3 Qc8 15.
e4 Bxe4 16. Rxc6 Qxc6 17. Rc1 Qa8 18. a4 Bxf3 19. gxf3 O-O 20. axb5 e5 21. Bxe5
Nxe5 22. dxe5 axb5 23. Qxb5 d4 24. Qd3 Qd5 25. Qe4 Qa5 26. Qxd4 Rd8 27. Qe3 Qb4
28. f4 g5 29. Qc3 Qxf4 30. Ne3 Bb4 31. Qc4 1/2-1/2

[Event "BL 8788 Bochum-Sindelfingen"]
[Site "?"]
[Date "1987.??.??"]
[Round "?.2"]
[White "Fahnenschmidt, G."]
[Black "Sonntag, H."]
[Result "1/2-1/2"]
[WhiteElo "2335"]
[BlackElo "2405"]
[PlyCount "33"]
[EventDate "1987.??.??"]

1. c4 Nf6 2. Nc3 e6 3. d4 d5 4. cxd5 exd5 5. Bg5 Be7 6. e3 c6 7. Qc2 Nbd7 8.
Bd3 O-O 9. Nf3 Re8 10. O-O Nf8 11. Bxf6 Bxf6 12. b4 Bg4 13. Nd2 Rc8 14. Nb3 b6
15. Bf5 Bxf5 16. Qxf5 g6 17. Qd3 1/2-1/2

[Event "BL 8788 Bochum-Sindelfingen"]
[Site "?"]
[Date "1987.??.??"]
[Round "?.3"]
[White "Beckemeyer, W."]
[Black "Gruenenwald, J."]
[Result "0-1"]
[WhiteElo "2335"]
[BlackElo "2330"]
[PlyCount "103"]
[EventDate "1987.??.??"]

1. e4 c5 2. Nf3 d6 3. d4 cxd4 4. Nxd4 Nf6 5. Nc3 a6 6. Be2 e5 7. Nb3 Be7 8. O-O
O-O 9. a4 Be6 10. Nd5 Nxe4 11. Bf3 Nc5 12. Nxc5 dxc5 13. Re1 Bd6 14. a5 Bxd5
15. Bxd5 Nc6 16. Ra3 Be7 17. Rd3 Nd4 18. Bc4 Qxa5 19. c3 b5 20. Bd5 Rad8 21.
Rxe5 Ne6 22. Be4 Rxd3 23. Qxd3 h6 24. g3 Rd8 25. Qc2 Qc7 26. f4 c4 27. Bf5 Nc5
28. Qe2 Kf8 29. Be3 Nd3 30. Re4 Bc5 31. Bg4 Bxe3+ 32. Rxe3 Qc5 33. Kg2 Nc1 34.
Qe1 Qd5+ 35. Kh3 Nd3 36. Qe2 g6 37. Bf3 Qd7+ 38. Bg4 Qd5 39. Bf3 Qd6 40. Bg4 a5
41. f5 g5 42. Re4 Qc5 43. Kg2 Kg7 44. h4 Qd5 45. f6+ Kxf6 46. Bf3 Qf5 47. Qe3
Qc5 48. Qe2 Kg7 49. Re7 Rd6 50. Bh5 Rf6 51. Qe4 Qf2+ 52. Kh3 0-1

[Event "BL 8788 Bochum-Sindelfingen"]
[Site "?"]
[Date "1987.??.??"]
[Round "?.4"]
[White "Bialas, W."]
[Black "Backwinkel, P."]
[Result "1/2-1/2"]
[WhiteElo "2360"]
[BlackElo "2310"]
[PlyCount "100"]
[EventDate "1987.??.??"]

1. g3 d5 2. Bg2 c6 3. Nf3 Bg4 4. d3 e6 5. Nbd2 Be7 6. h3 Bxf3 7. Nxf3 Nf6 8.
O-O O-O 9. c3 Nbd7 10. Qc2 Qc7 11. e4 dxe4 12. dxe4 Rfd8 13. Re1 e5 14. a4 a5
15. Bf1 h6 16. Bc4 Nc5 17. Nh4 Nfd7 18. Nf5 Bf8 19. Be3 Nb6 20. Bf1 Kh7 21. b4
axb4 22. a5 Nc8 23. cxb4 Ne6 24. Qb2 g6 25. Nh4 Nd4 26. Red1 Na7 27. Rab1 Bg7
28. Kg2 Qe7 29. Nf3 Rd7 30. Ne1 Rad8 31. Nd3 Nab5 32. Nc5 Rd6 33. Rdc1 f5 34.
Rd1 f4 35. gxf4 exf4 36. Bxf4 Ne6 37. Bxd6 Rxd6 38. Rxd6 Qg5+ 39. Kh1 Bxb2 40.
Rxe6 Nd4 41. Rd6 Nf3 42. Rd7+ Kh8 43. Bg2 Nh4 44. Bf1 Qf6 45. Rbd1 Qxf2 46.
Rd8+ Kh7 47. R1d7+ Bg7 48. Rxg7+ Kxg7 49. Ne6+ Kh7 50. Rd7+ Kg8 1/2-1/2

[Event "BL 8788 Bochum-Sindelfingen"]
[Site "?"]
[Date "1987.??.??"]
[Round "?.5"]
[White "Boesken, C."]
[Black "Runau, R."]
[Result "1/2-1/2"]
[WhiteElo "2250"]
[BlackElo "2335"]
[PlyCount "74"]
[EventDate "1987.??.??"]

1. Nf3 Nf6 2. c4 c5 3. Nc3 g6 4. g3 b6 5. Bg2 Bb7 6. O-O Bg7 7. d4 Ne4 8. Nxe4
Bxe4 9. d5 O-O 10. Qb3 e5 11. Bh3 Bxf3 12. Qxf3 f5 13. e4 f4 14. Qd1 Bh6 15.
Bd2 Kg7 16. Bc3 d6 17. Qa4 Rf7 18. a3 Nd7 19. b4 Nf6 20. Qc2 Rc7 21. Qd3 Nd7
22. Bd2 Qe7 23. Rfc1 Rf8 24. Rab1 Bg5 25. b5 Kh8 26. Rf1 Qg7 27. Bc3 Qh6 28.
Bg4 Nf6 29. Be6 Qg7 30. h4 Bh6 31. g4 Qe7 32. f3 Ne8 33. g5 Bg7 34. Rf2 h5 35.
a4 Rb7 36. Ra2 Nc7 37. Bh3 a5 1/2-1/2

[Event "BL 8788 Bochum-Sindelfingen"]
[Site "?"]
[Date "1987.??.??"]
[Round "?.6"]
[White "Mohr, S."]
[Black "Wiemer, R."]
[Result "1/2-1/2"]
[WhiteElo "2325"]
[BlackElo "2290"]
[PlyCount "140"]
[EventDate "1987.??.??"]

1. d4 e6 2. Nf3 f5 3. g3 Nf6 4. Bg2 d5 5. O-O Bd6 6. b3 Qe7 7. c4 c6 8. Bb2 b6
9. Ne5 Bb7 10. cxd5 exd5 11. Qc2 g6 12. Nd2 Nbd7 13. Ndf3 Rc8 14. a3 O-O 15. b4
Rfd8 16. Rac1 b5 17. Nd3 Nb6 18. Nc5 Nc4 19. a4 bxa4 20. Ra1 Ne4 21. Rxa4 a5
22. Nxb7 Qxb7 23. bxa5 Qb5 24. Rb1 Rb8 25. Raa1 Nxb2 26. Ra2 Qc4 27. Rbxb2 Nc3
28. Ra1 Rxb2 29. Qxb2 Nxe2+ 30. Kh1 Qd3 31. Re1 Nc3 32. Qb6 Rc8 33. Qb7 Rc7 34.
Qa8+ Kg7 35. Qd8 Ne4 36. Kg1 Rb7 37. Nh4 Rb1 38. Qd7+ Kh6 39. Nxf5+ gxf5 40.
Qe6+ Kg7 41. Qd7+ Kg6 42. Qe8+ Kg7 43. Qd7+ Kf6 44. Qd8+ Be7 45. Qh8+ Kg6 46.
Qg8+ Kh6 47. Qe6+ Bf6 48. Rxb1 Qxb1+ 49. Bf1 Kg6 50. a6 Qa2 51. Qg8+ Kh6 52.
Qf8+ Kg6 53. Qg8+ Bg7 54. Qe6+ Kg5 55. h4+ Kg4 56. Bh3+ Kf3 57. Qxf5+ Ke2 58.
Bg2 Qb1+ 59. Kh2 Bxd4 60. Qf3+ Kd2 61. Qf4+ Kc3 62. Bxe4 dxe4 63. Qd6 Qb6 64.
Qa3+ Kc4 65. Qa2+ Kb5 66. Qe2+ Kc5 67. Qxe4 Qxa6 68. Qxh7 Qe2 69. Qa7+ Kd5 70.
Qd7+ Kc5 1/2-1/2

[Event "BL 8788 Bochum-Sindelfingen"]
[Site "?"]
[Date "1987.??.??"]
[Round "?.8"]
[White "Bauer, P."]
[Black "Ueter, H."]
[Result "1/2-1/2"]
[WhiteElo "2300"]
[BlackElo "2230"]
[PlyCount "73"]
[EventDate "1987.??.??"]

1. e4 c5 2. Nf3 d6 3. d4 cxd4 4. Nxd4 Nf6 5. Nc3 Nc6 6. Bc4 Bd7 7. Be3 Ng4 8.
Nxc6 bxc6 9. O-O Nxe3 10. fxe3 e6 11. Qf3 Qf6 12. Qe2 Qe5 13. Qf3 f6 14. Ne2 d5
15. Bd3 Bd6 16. g3 O-O 17. exd5 cxd5 18. Nf4 Bc5 19. Rae1 f5 20. b3 Qd6 21. c4
g5 22. Ng2 Bc6 23. Qh5 Qe7 24. cxd5 Bxd5 25. Bc4 Bxc4 26. bxc4 Rad8 27. Re2 Rd3
28. Kh1 Rfd8 29. e4 Rd1 30. Ne1 Qf6 31. exf5 exf5 32. Qf3 Bb4 33. Kg2 g4 34.
Qb7 Rxe1 35. Rfxe1 Bxe1 36. Rxe1 Qc3 37. Qe7 1/2-1/2